000 00377 a2200145 4500
245 _aMikhail Lermontov
_b : Selected works
_hText
100 _aLermontov, Mikhail I͡Urʹevich
650 _aPOETRY
650 _aENGLISH LITERATURE
005 20191021095259.0
260 _aRussia
_bProgress
_c1976
084 _aNONE
999 _c12043
_d12043